| 000 | 00583nam a22002057a 4500 | ||
|---|---|---|---|
| 999 |
_c159254 _d159254 |
||
| 005 | 20181212114808.0 | ||
| 008 | 181212b ||||| |||| 00| 0 eng d | ||
| 010 | _aB-219504 | ||
| 020 |
_a818382052 _c95.00 |
||
| 035 | _aB-219504 | ||
| 037 | _bBPPD/PUB | ||
| 040 |
_adpl _bEnglish |
||
| 082 | _a480 | ||
| 100 | _aPalta, Namrata | ||
| 245 |
_aSpoken English / _cby Namrata Palta |
||
| 260 |
_aNew Delhi _bLotus Press _c2007 |
||
| 270 |
_a4263/3, Ansari Road,Daryaganj _bNew Delhi _e110002 |
||
| 300 |
_a199p. _c23cm(pbk) |
||
| 942 |
_2ddc _cEN _h480 _mPAL |
||